Personnages historiques par lettre - A - Statistiques

Statistiques générales
  • Ce quiz a été pris 251 fois
  • Le résultat moyen est 13 sur 30
Statistiques - réponses
INDICE RÉPONSE % Correct
Premier homme sur la Lune (1930-2012) Neil Armstrong
93%
Philosophe, disciple de Platon (384-322 avant J.-C.) Aristote
91%
Roi des Huns (395-453) Attila
86%
Roi de Macédoine et conquérant de la Perse (356-323 avant J.-C.) Alexandre III le Grand
74%
Premier empereur de Rome (63-14 avant J.-C.) Auguste
69%
Reine de France puis d'Angleterre (1122-1204) Aliénor d'Aquitaine
58%
Jeune barroise qui brûla les planches en Normandie (1412-1431) Jeanne d'Arc
55%
Auteur danois de La Petite Sirène ou La Reine des Neiges (1805-1975) Hans Christian Andersen
54%
Reine de France, régente et mère de Louis XIV (1601-1666) Anne d'Autriche
53%
Deuxième homme sur la Lune (1930) Buzz Aldrin
52%
Mathématicien grec de principe (287-212 avant J.-C.) Archimède
46%
Poète, auteur des Calligrammmes (1880-1918) Guillaume Apollinaire
46%
Poète, compagnon d'Elsa Triolet (1897-1982) Louis Aragon
46%
Fondateur de la république turque (1881-1938) Mustafa Kemal Atatürk
46%
Deuxième président des États-Unis (1735-1826) John Adams
44%
Président de l'autorité palestinienne célèbre pour une poignée de main historique à Oslo (1929-2004) Yasser Arafat
43%
Écrivain, philosophe français plus connu sous son pseudonyme Voltaire (1694-1778) François-Marie Arouet
39%
Duchesse puis Reine de France (1477-1514) Anne de Bretagne
36%
Romancière anglaise pleine d'orgueil et de préjugés (1775-1817) Jane Austen
36%
Peintre italien amateur de légumes (1527-1593) Giuseppe Arcimboldo
33%
Pharaon monothéiste (1371-1338 avant J.-C.) Akhénaton
32%
Président du Chili qui se suicide lors du coup d'état de Pinochet (1908-1973) Salvador Allende
30%
Premier chancelier d'Allemagne (1876-1967) Konrad Adenauer
27%
Explorateur norvégien, premier homme à atteindre le Pôle Sud (1872-1928) Roald Amundsen
27%
Poète italien plus connu par son prénom (1265-1321) Dante Alighieri
20%
Poète comique grec, auteur de Lysistrata (445-375 avant J.-C.) Aristophane
14%
Père de l'Église catholique, auteur des Confessions (354-430) Augustin d'Hippone
12%
Écrivain russo-américain, l'un des "Trois Grands" auteurs de science-fiction en langue anglaise (1920-1992) Isaac Asimov
12%
Roi du Wessex connu pour avoir laissé brûlé des gâteaux (849-899) Alfred le Grand
8%
Général athénien qui changea trois fois de camp pendant la Guerre du Péloponnèse (450-404 avant J.-C.) Alcibiade
6%
Aucun quiz correspondant
Distribution des résultats
% des personnes avec chaque résultat
Percentile par nombre de réponses
Votre historique - résultats
Vous n’avez pas pris ce quiz